|
|
|
|
| LEADER |
00854nam a2200241 ca4500 |
| 001 |
bibDOK00000020 |
| 005 |
20220616114550.6 |
| 008 |
060518s18931909hu hun |
| 100 |
1 |
|
|a Platón
|
| 245 |
1 |
0 |
|a Válogatott művei
|c Platón
|
| 260 |
|
|
|a Bp.
|b Franklin Társulat
|c 1893-
|
| 490 |
1 |
|
|a Filozófiai Írók Tára
|v 10., 11., 22.
|
| 500 |
|
|
|a 1-2. kötet egyben
|
| 500 |
|
|
|a 2. kiad. 1913-ban
|
| 505 |
0 |
|
|g p. 113-135.,
|t Symposion;
|g p. 136-150.,
|t Phaidros
|r Dercsényi Móric
|
| 695 |
|
|
|a filozófia, antik
|
| 700 |
1 |
|
|a Péterfy Jenő
|
| 700 |
1 |
|
|a Gyomay Gyula
|
| 700 |
1 |
|
|a Dercsényi Móric
|
| 774 |
0 |
|
|t Gorgias ; Philebos. 1. köt.
|w bibDOK00000020aa
|
| 774 |
0 |
|
|t Euthyphron ; Sokrates védekezése ; Kriton ; Phaidon. 2. köt.
|w bibDOK00000020ab
|
| 774 |
0 |
|
|t Symposion ; Phaidros. 3. köt.
|w bibDOK00000020ac
|
| 830 |
|
0 |
|a Filozófiai Írók Tára
|